The grammatical structures of english and spanish
Saved in:
| Main Authors: | , , |
|---|---|
| Format: | Book |
| Language: | English Spanish |
| Published: |
Chicago
The University Chicago Press
1965
|
| Series: | Contrastive Structure Series
|
| Subjects: | |
| Tags: |
Add Tag
No Tags, Be the first to tag this record!
|
MARC
| LEADER | 00000nam a2200000 a 4500 | ||
|---|---|---|---|
| 001 | UCI4861 | ||
| 003 | CL-VaPUC | ||
| 008 | 080307e19650000US |||||||||||||||||eng|d | ||
| 041 | 0 | 7 | |a eng |2 CL-VaPUC |
| 041 | 0 | 7 | |a spa |2 CL-VaPUC |
| 082 | 0 | 4 | |a 425 |b STO |2 21 |
| 100 | 0 | |a Stockwell, Robert P |e author |9 526918 | |
| 700 | 0 | |a Bowen, J. Donald |e author |9 526919 | |
| 700 | 0 | |a Martin, John W |e author |9 526920 | |
| 245 | 1 | 4 | |a The grammatical structures of english and spanish |
| 300 | |a 328 p | ||
| 942 | |c BK | ||
| 945 | |d 20080307 00:00:00 |a rbrito | ||
| 260 | |a Chicago |b The University Chicago Press |c 1965 | ||
| 650 | 7 | |a INGLES GRAMATICA |2 CL-VaPUC |9 313180 | |
| 650 | 0 | |a Español gramática |9 264564 | |
| 650 | 0 | |a Enseñanza del inglés |9 367340 | |
| 650 | 0 | |a Enseñanza de idiomas |9 339820 | |
| 650 | 0 | |a Lingüística |9 265068 | |
| 583 | |a last modification |c 20080307 00:00:00 |k Rodrigo Vera | ||
| 490 | 0 | |a Contrastive Structure Series | |
| 999 | |c 328708 |d 328706 | ||
| 952 | |0 0 |1 0 |4 0 |6 425_000000000000000_STO_1965 |7 0 |8 A |9 412779 |a FDOPOS |b FDOPOS |d 2019-11-22 |i 4410521 |o 425 STO 1965 |p 4410521 |r 2025-01-22 |w 2019-11-22 |y BK |k MLA | ||